Statistics for Taylor Swift Song Intros (Difficult)

Click here to take the quiz!

General Stats

  • This quiz has been taken 52 times
  • The average score is 16 of 25

Answer Stats

First lyricsName% Correct
Meet me at midnightLavender Haze
90%
The drought was the very worstClean
83%
I, I loved you in secretDancing With Our Hands Tied
81%
Please picture meSeven
81%
This ain't for the bestDelicate
79%
Never be so kind, you forget to be cleverMarjorie
79%
See you in the darkSo It Goes...
77%
I know that I'm a handful, baby, uhME!
73%
Once upon a time, I believe it was a Tuesday when I caught your eyeForever & Always
69%
She said, I was seven and you were nineMary's Song (Oh My My My)
67%
We were supposed to be just friendsGlitch
65%
Your little hand's wrapped around my fingerNever Grow Up
65%
How's one to know?Ivy
63%
He said the way my blue eyes shinedTim McGraw
63%
My only oneHoax
60%
What about your promises, promises?Babe
58%
Elevator buttons and morning airOurs
58%
They tell you while you're youngNothing New
56%
My knuckles were bruised like violetsThe Great War
54%
You should've been thereThe Moment I Knew
50%
Just breathe, just relax, it'll be okayElectric Touch
46%
My winter nights are taken up by staticChristmas Tree Farm
44%
The buttons of my coat were tangled in my hairSoon You'll Get Better
40%
Hey, I knew I'd run into you somewhereDon't You
38%
This is wrong, but I can't help but feel likeSuperstar
31%

Score Distribution

Percentile by Number Answered

Percent of People with Each Score

Your Score History

You have not taken this quiz